Sports Quiz

Random Sports or NBA Quiz

NBA Playoffs Statistical Leaders Quiz Stats

 Plays Quiz Updated Jun 20, 2018

Also try: NBA Jam Players
Challenge
Share
Tweet
Embed
Score 0/50 Timer 07:00
0 Plays Today
playoff playoff % Correct
PointsMichael Jordan
98.3%
AssistsMichael Jordan
98.3%
StealsMichael Jordan
98.3%
PointsKobe Bryant
94.9%
StealsKobe Bryant
94.9%
AssistsLeBron James
94.1%
PointsShaquille O'Neal
90.4%
ReboundsShaquille O'Neal
90.4%
BlocksShaquille O'Neal
90.4%
ReboundsLeBron James
90.3%
AssistsMagic Johnson
89.9%
StealsMagic Johnson
89.9%
PointsTim Duncan
87.3%
ReboundsTim Duncan
87.3%
BlocksTim Duncan
87.3%
AssistsJohn Stockton
86.8%
StealsJohn Stockton
86.8%
PointsLeBron James
85.9%
PointsKareem Abdul-Jabbar
84.7%
ReboundsKareem Abdul-Jabbar
84.7%
BlocksKareem Abdul-Jabbar
84.7%
ReboundsWilt Chamberlain
84%
PointsKarl Malone
83.7%
ReboundsKarl Malone
83.7%
AssistsKobe Bryant
83.6%
playoff playoff % Correct
AssistsLarry Bird
82.4%
StealsLarry Bird
82.4%
ReboundsBill Russell
80.4%
AssistsScottie Pippen
79%
StealsScottie Pippen
79%
PointsTony Parker
78.3%
StealsJason Kidd
77.3%
BlocksHakeem Olajuwon
75.7%
AssistsJason Kidd
74.8%
AssistsSteve Nash
72.9%
PointsDwyane Wade
71.6%
BlocksDavid Robinson
67%
AssistsTony Parker
64.9%
StealsLeBron James
60.7%
BlocksPatrick Ewing
59.3%
PointsJerry West
56.1%
BlocksDikembe Mutombo
51.8%
BlocksKevin McHale
51.7%
ReboundsRobert Parish
48.4%
BlocksRobert Parish
48.4%
StealsManu Ginobili
42.9%
ReboundsElgin Baylor
40.3%
BlocksSerge Ibaka
34.8%
ReboundsWes Unseld
19.7%
StealsMaurice Cheeks
17.7%

You're not logged in!

Compare scores with friends on all Sporcle quizzes.
Join for Free
OR
Log In

You Might Also Like...

Show Comments

Extras

Top Quizzes Today


Score Distribution

Your Account Isn't Verified!

In order to create a playlist on Sporcle, you need to verify the email address you used during registration. Go to your Sporcle Settings to finish the process.

Report this User

Report this user for behavior that violates our Community Guidelines.

Details: